[Event "Monarch Assurance Isle of Man 10th"]
[Site "Port Erin IOM"]
[Date "2001.09.30"]
[Round "2.21"]
[White "Allen, Keith"]
[Black "Bousbouras, Spyridon"]
[Result "0-1"]
[WhiteElo "2289"]
[BlackElo "2102"]
[PlyCount "74"]
[EventDate "2001.09.29"]
[EventType "swiss"]
[EventRounds "9"]
[EventCountry "IOM"]
[SourceTitle "BritBase"]
[SourceDate "2008.07.14"]
[SourceVersion "1"]
[SourceVersionDate "2008.07.14"]
[SourceQuality "2"]

1. d4 Nc6 2. Nf3 d5 3. g3 Bf5 4. Bg2 e6 5. O-O Nf6 6. c4 Be7 7. Ne5 Nxe5 8.
dxe5 Ne4 9. Nc3 Nxc3 10. bxc3 c6 11. Qb3 Qc7 12. Be3 O-O 13. f4 b6 14. Rad1
Rab8 15. h3 h5 16. Kh2 b5 17. cxd5 cxd5 18. Bf3 Bg6 19. Rc1 Bc5 20. Bd4 Qb6 21.
Rfd1 a5 22. e3 Rfc8 23. Qb2 Rc6 24. Be2 b4 25. c4 dxc4 26. Bxc4 Rbc8 27. Bd3
Bxd3 28. Rxd3 a4 29. Rd2 b3 30. axb3 axb3 31. Kg1 Bxd4 32. Rxc6 Qxc6 33. exd4
Qc3 34. Qxc3 Rxc3 35. Kf2 Rc2 36. Ke2 b2 37. Rxc2 b1=Q 0-1

[Event "Monarch Assurance Isle of Man 10th"]
[Site "Port Erin IOM"]
[Date "2001.09.30"]
[Round "2.22"]
[White "Stuart, E Leslie"]
[Black "Ryan, Joseph"]
[Result "0-1"]
[WhiteElo "2039"]
[BlackElo "2305"]
[PlyCount "80"]
[EventDate "2001.09.29"]
[EventType "swiss"]
[EventRounds "9"]
[EventCountry "IOM"]
[SourceTitle "BritBase"]
[SourceDate "2008.07.14"]
[SourceVersion "1"]
[SourceVersionDate "2008.07.14"]
[SourceQuality "2"]

1. e4 e6 2. d3 d5 3. Qe2 dxe4 4. dxe4 e5 5. Be3 Nf6 6. Nd2 Nc6 7. Rd1 Ng4 8.
Nb3 Qf6 9. Bc1 a5 10. h3 a4 11. Na1 Nh6 12. c3 Qe6 13. Nf3 Qxa2 14. Nc2 Qe6 15.
Ne3 Bd6 16. Qc2 O-O 17. Bc4 Qf6 18. Qe2 Na5 19. Nd5 Qd8 20. Bg5 f6 21. Nxf6+
Kh8 22. Nxh7 Qe8 23. Nxf8 Nxc4 24. Qxc4 Qxf8 25. Nxe5 Qe8 26. Bxh6 Bxe5 27. Bg5
Be6 28. Qc5 Bb3 29. Rd2 Bxc3 30. Qxc3 Qxe4+ 31. Re2 Qxg2 32. Rf1 Qxg5 33. Re5
Qg6 34. f4 Rd8 35. f5 Qg2 36. Rf2 Qh1+ 37. Ke2 Bd1+ 38. Ke3 Qxh3+ 39. Ke4 Qg4+
40. Rf4 Qe2+ 0-1

[Event "Monarch Assurance Isle of Man 10th"]
[Site "Port Erin IOM"]
[Date "2001.09.30"]
[Round "2.23"]
[White "Van Kemenade, Rudy"]
[Black "Bisby, Daniel"]
[Result "1-0"]
[WhiteElo "1992"]
[BlackElo "2285"]
[PlyCount "81"]
[EventDate "2001.09.29"]
[EventType "swiss"]
[EventRounds "9"]
[EventCountry "IOM"]
[SourceTitle "BritBase"]
[SourceDate "2008.07.14"]
[SourceVersion "1"]
[SourceVersionDate "2008.07.14"]
[SourceQuality "2"]

1. d4 d5 2. Nf3 Nf6 3. c4 e6 4. g3 Be7 5. Bg2 O-O 6. O-O c6 7. b3 b6 8. Bb2
Nbd7 9. Nc3 a5 10. Nd2 Ba6 11. Re1 b5 12. Qc2 Rc8 13. c5 e5 14. dxe5 Ng4 15.
Nf3 Bxc5 16. Nd1 Bb4 17. Rf1 Re8 18. Qf5 Nh6 19. Qh5 Bf8 20. Ne3 g6 21. Qh3 Rc7
22. g4 Bc8 23. Qg3 Nc5 24. Nd4 Ne6 25. Rac1 Nxd4 26. Bxd4 Qd7 27. h3 Bb7 28.
Nxd5 cxd5 29. e6 Qxe6 30. Qxc7 Ba8 31. Qxa5 b4 32. Qb6 Bd6 33. Bc5 Bxc5 34.
Qxc5 d4 35. Bxa8 Rxa8 36. Qxd4 Qxe2 37. Rc7 Qxa2 38. Rfc1 Qa6 39. Qxb4 Re8 40.
Qc4 Qf6 41. Rc8 1-0

[Event "Monarch Assurance Isle of Man 10th"]
[Site "Port Erin IOM"]
[Date "2001.09.30"]
[Round "2.24"]
[White "Dossett, Chris"]
[Black "Clark, Stephen P"]
[Result "0-1"]
[WhiteElo "1768"]
[BlackElo "2112"]
[PlyCount "82"]
[EventDate "2001.09.29"]
[EventType "swiss"]
[EventRounds "9"]
[EventCountry "IOM"]
[SourceTitle "BritBase"]
[SourceDate "2008.07.14"]
[SourceVersion "1"]
[SourceVersionDate "2008.07.14"]
[SourceQuality "2"]

1. Nf3 d5 2. g3 Nf6 3. Bg2 Bf5 4. c4 c6 5. b3 e6 6. Bb2 h6 7. O-O Nbd7 8. d4
Bd6 9. Nc3 O-O 10. Nd2 Qe7 11. e4 dxe4 12. Ndxe4 Ba3 13. Qc1 Bxb2 14. Qxb2 Nxe4
15. Nxe4 Nf6 16. Rfe1 {(=)} Rfd8 17. Rad1 Rd7 18. Nc5 Rd6 19. Qa3 Rdd8 20. Qb2
Rd6 21. Qa3 {(=)} Rdd8 22. Qb2 Qc7 23. Ne4 Nxe4 24. Bxe4 Bxe4 25. Rxe4 Rd6 26.
Re2 Rad8 27. Red2 Qe7 28. Qc3 R8d7 29. Kf1 Qg5 30. Qe3 Qa5 31. f4 c5 32. a4 Qd8
33. d5 exd5 34. Qxc5 b6 35. Qb4 d4 36. c5 bxc5 37. Qxc5 Rd5 38. Qc4 Qb6 39. a5
Qxa5 40. Rxd4 Rxd4 41. Rxd4 Qa1+ 0-1

[Event "Monarch Assurance Isle of Man 10th"]
[Site "Port Erin IOM"]
[Date "2001.09.30"]
[Round "2.25"]
[White "Ellison, D George"]
[Black "Benson, Paul"]
[Result "1-0"]
[WhiteElo "2104"]
[BlackElo "2046"]
[PlyCount "85"]
[EventDate "2001.09.29"]
[EventType "swiss"]
[EventRounds "9"]
[EventCountry "IOM"]
[SourceTitle "BritBase"]
[SourceDate "2008.07.14"]
[SourceVersion "1"]
[SourceVersionDate "2008.07.14"]
[SourceQuality "2"]

1. c4 c5 2. Nc3 Nc6 3. g3 g6 4. Bg2 Bg7 5. a3 d6 6. Rb1 Bd7 7. e3 Rb8 8. Nge2
a6 9. b4 cxb4 10. axb4 b5 11. cxb5 axb5 12. d4 Nh6 13. e4 O-O 14. O-O e5 15.
dxe5 dxe5 16. Be3 Be6 17. Nd5 f5 18. Rc1 fxe4 19. Bxe4 Nd4 20. Nc7 Nxe2+ 21.
Qxe2 Bc4 22. Rxc4 bxc4 23. Ne6 Qc8 24. Nxf8 Bxf8 25. Bd5+ Nf7 26. Bxc4 Rxb4 27.
Rc1 Qb7 28. Bd2 Rb1 29. Qxe5 Rxc1+ 30. Bxc1 Bg7 31. Qe8+ Bf8 32. Bh6 Qe7 33.
Qxf7+ Qxf7 34. Bxf7+ Kxf7 35. Bxf8 Kxf8 36. Kg2 Kg7 37. Kf3 Kf6 38. Ke4 Kg5 39.
h3 h5 40. Ke5 Kh6 41. h4 g5 42. hxg5+ Kxg5 43. f3 1-0

[Event "Monarch Assurance Isle of Man 10th"]
[Site "Port Erin IOM"]
[Date "2001.09.30"]
[Round "2.26"]
[White "Lutton, J Ezra"]
[Black "Nicholson, John"]
[Result "1-0"]
[WhiteElo "2093"]
[BlackElo "1865"]
[PlyCount "91"]
[EventDate "2001.09.29"]
[EventType "swiss"]
[EventRounds "9"]
[EventCountry "IOM"]
[SourceTitle "BritBase"]
[SourceDate "2008.07.14"]
[SourceVersion "1"]
[SourceVersionDate "2008.07.14"]
[SourceQuality "2"]

1. e4 c5 2. Nc3 e6 3. f4 a6 4. Nf3 Nc6 5. Be2 d5 6. O-O Nf6 7. d3 Be7 8. Qe1 d4
9. Nb1 O-O 10. h3 Ne8 11. g4 f5 12. g5 b5 13. b3 Bb7 14. exf5 exf5 15. Nh4 Nb4
16. Bd1 a5 17. a3 Nd5 18. c4 bxc4 19. bxc4 Ndc7 20. a4 Ra6 21. Nf3 Ne6 22. h4
N8c7 23. Ne5 g6 24. Bd2 Ne8 25. Na3 Nd6 26. Nxg6 hxg6 27. Qxe6+ Kg7 28. Re1 Re8
29. Qe5+ Kg8 30. Qe2 Bxg5 31. Qh2 Bxh4 32. Rxe8+ Qxe8 33. Qxh4 Qc6 34. Qh2 Ra8
35. Be2 Kg7 36. Bf1 Rh8 37. Qg2 Qb6 38. Rb1 Qxb1 39. Nxb1 Bxg2 40. Bxg2 Rb8 41.
Na3 Rb3 42. Nb5 Nxb5 43. cxb5 Rxd3 44. Bxa5 Rb3 45. Bd5 Rb2 46. b6 {score may
have errors - both scoresheets illegible} 1-0

[Event "Monarch Assurance Isle of Man 10th"]
[Site "Port Erin IOM"]
[Date "2001.09.30"]
[Round "2.27"]
[White "Waugh, Jonathon C"]
[Black "Yurenok, Maria"]
[Result "0-1"]
[WhiteElo "1672"]
[BlackElo "2088"]
[PlyCount "112"]
[EventDate "2001.09.29"]
[EventType "swiss"]
[EventRounds "9"]
[EventCountry "IOM"]
[SourceTitle "BritBase"]
[SourceDate "2008.07.14"]
[SourceVersion "1"]
[SourceVersionDate "2008.07.14"]
[SourceQuality "2"]

1. e4 c5 2. Nf3 e6 3. d3 Nc6 4. Nbd2 d5 5. g3 Nf6 6. Bg2 Be7 7. O-O Qc7 8. Re1
b6 9. a3 h6 10. Nf1 d4 11. Bf4 e5 12. Bd2 g5 13. c3 Be6 14. Qa4 Nd7 15. Rec1 g4
16. Ne1 f6 17. f4 h5 18. f5 Bf7 19. c4 a5 20. Qd1 Bf8 21. a4 Bh6 22. b3 Bxd2
23. Qxd2 O-O-O 24. Qe2 Rdg8 25. Nc2 Nf8 26. Kf2 Be8 27. Nd2 h4 28. Rh1 Rh5 29.
Rag1 Qh7 30. Nb1 Ne7 31. Nd2 Bc6 32. Ke1 h3 33. Bf1 Nd7 34. Kd1 Kb8 35. Kc1
Nxf5 36. exf5 Qxf5 37. Ne4 Qe6 38. Qd1 f5 39. Nf2 Bxh1 40. Rxh1 e4 41. Qe1 e3
42. Nd1 Ne5 43. Be2 Nf3 44. Qf1 Qc6 45. Kb2 Rf8 46. Ne1 Nd2 47. Qf4+ Qc7 48.
Rg1 Rh7 49. Kc2 Rg7 50. Kb2 Qxf4 51. gxf4 g3 52. hxg3 h2 53. Rh1 Rh8 54. Nf3
Nxf3 55. Bxf3 Rxg3 56. Bd5 Rg1 0-1

[Event "Monarch Assurance Isle of Man 10th"]
[Site "Port Erin IOM"]
[Date "2001.09.30"]
[Round "2.28"]
[White "Spanton, Tim"]
[Black "Ormsby, Alan"]
[Result "0-1"]
[WhiteElo "2051"]
[BlackElo "1720"]
[PlyCount "78"]
[EventDate "2001.09.29"]
[EventType "swiss"]
[EventRounds "9"]
[EventCountry "IOM"]
[SourceTitle "BritBase"]
[SourceDate "2008.07.14"]
[SourceVersion "1"]
[SourceVersionDate "2008.07.14"]
[SourceQuality "2"]

1. e4 c6 2. c4 d5 3. cxd5 cxd5 4. exd5 Nf6 5. Nc3 Nxd5 6. Nf3 Nc6 7. Bb5 Nxc3
8. bxc3 Bg4 9. h3 Bxf3 10. Qxf3 Rc8 11. O-O e6 12. d4 Be7 13. Bd2 O-O 14. Rfe1
Bf6 15. Rad1 Na5 16. Bd3 g6 17. Re4 Bg7 18. Rg4 f5 19. Rg5 Bf6 20. Qe2 Qd5 21.
Rg3 Nc4 22. Bh6 Rfe8 23. Bg5 Bg7 24. h4 h5 25. Bf4 Kf7 26. Rh3 Bf6 27. Bg5 Bg7
28. f3 Nd6 29. Bd2 Bf6 30. g4 b5 31. Be1 Rg8 32. Rh2 a6 33. a4 bxa4 34. Ra1
Bxd4+ 35. Kf1 Bxc3 36. Rxa4 Bxe1 37. Kxe1 Qc5 38. Rxa6 Qg1+ 39. Kd2 Qc1# 0-1

[Event "Monarch Assurance Isle of Man 10th"]
[Site "Port Erin IOM"]
[Date "2001.10.01"]
[Round "3.2"]
[White "Tiviakov, Sergei"]
[Black "Goodger, Martyn"]
[Result "1-0"]
[WhiteElo "2618"]
[BlackElo "2136"]
[PlyCount "71"]
[EventDate "2001.09.29"]
[EventType "swiss"]
[EventRounds "9"]
[EventCountry "IOM"]
[SourceTitle "BritBase"]
[SourceDate "2008.07.14"]
[SourceVersion "1"]
[SourceVersionDate "2008.07.14"]
[SourceQuality "2"]

1. e4 d5 2. exd5 Nf6 3. d4 Bg4 4. f3 Bf5 5. Bb5+ Nbd7 6. c4 a6 7. Ba4 b5 8.
cxb5 Nxd5 9. bxa6 Rxa6 10. Ne2 e6 11. O-O Be7 12. Nbc3 Nxc3 13. Nxc3 O-O 14.
Qe2 Ra5 15. Be3 Nf6 16. Bb3 Re8 17. Rac1 Qb8 18. Rfd1 Bd6 19. Qf2 Bg6 20. h3
Qb4 21. Bd2 Qb7 22. Ne2 Raa8 23. Bf4 Qa6 24. Bxd6 cxd6 25. Nf4 Nd7 26. Rc7 Ra7
27. Rxa7 Qxa7 28. d5 Qxf2+ 29. Kxf2 e5 30. Nxg6 hxg6 31. Ba4 Rd8 32. b4 f5 33.
Bc6 Kf7 34. a4 e4 35. fxe4 fxe4 36. a5 1-0

[Event "Monarch Assurance Isle of Man 10th"]
[Site "Port Erin IOM"]
[Date "2001.10.01"]
[Round "3.3"]
[White "Brodsky, Michail"]
[Black "Gleizerov, Evgeny"]
[Result "1/2-1/2"]
[WhiteElo "2528"]
[BlackElo "2587"]
[PlyCount "50"]
[EventDate "2001.09.29"]
[EventType "swiss"]
[EventRounds "9"]
[EventCountry "IOM"]
[SourceTitle "BritBase"]
[SourceDate "2008.07.14"]
[SourceVersion "1"]
[SourceVersionDate "2008.07.14"]
[SourceQuality "2"]

1. e4 e6 2. d4 d5 3. Nd2 Nf6 4. e5 Nfd7 5. c3 c5 6. Bd3 Nc6 7. Ne2 cxd4 8. cxd4
f6 9. Nf4 Nxd4 10. Qh5+ Ke7 11. exf6+ Nxf6 12. Ng6+ hxg6 13. Qxh8 Kf7 14. Qh4
e5 15. Nf3 Nxf3+ 16. gxf3 Bf5 17. Bxf5 gxf5 18. Bg5 Qa5+ 19. Kf1 g6 20. Bxf6
Qa6+ 21. Kg2 Qxf6 22. Qa4 Qc6 23. Qb3 Bc5 24. Rac1 b6 25. Rhe1 Kf6 1/2-1/2

[Event "Monarch Assurance Isle of Man 10th"]
[Site "Port Erin IOM"]
[Date "2001.10.01"]
[Round "3.5"]
[White "Williams, Simon K"]
[Black "Yakovich, Yuri"]
[Result "0-1"]
[WhiteElo "2369"]
[BlackElo "2577"]
[PlyCount "60"]
[EventDate "2001.09.29"]
[EventType "swiss"]
[EventRounds "9"]
[EventCountry "IOM"]
[SourceTitle "BritBase"]
[SourceDate "2008.07.14"]
[SourceVersion "1"]
[SourceVersionDate "2008.07.14"]
[SourceQuality "2"]

1. c4 e5 2. Nc3 Nf6 3. Nf3 Nc6 4. e4 Bb4 5. d3 d6 6. g3 Bg4 7. h3 Bxf3 8. Qxf3
Nd4 9. Qd1 c6 10. Bg2 a6 11. O-O Bc5 12. a3 b5 13. b4 Bb6 14. Bb2 O-O 15. Ne2
Nxe2+ 16. Qxe2 Qe7 17. Kh2 Rfe8 18. Rac1 Qa7 19. cxb5 {(=)} cxb5 20. Rc6 Rac8
21. Qc2 Qb8 22. Rxc8 Rxc8 23. Qb3 Qa7 24. f4 Bd4 25. fxe5 dxe5 26. Rf5 h6 27.
Bf1 Rc6 28. Be2 Bxb2 29. Qxb2 Qc7 30. Qb3 Rc3 0-1

[Event "Monarch Assurance Isle of Man 10th"]
[Site "Port Erin IOM"]
[Date "2001.10.01"]
[Round "3.6"]
[White "Hebden, Mark"]
[Black "Hillarp Persson, Tiger"]
[Result "1/2-1/2"]
[WhiteElo "2559"]
[BlackElo "2438"]
[PlyCount "148"]
[EventDate "2001.09.29"]
[EventType "swiss"]
[EventRounds "9"]
[EventCountry "IOM"]
[SourceTitle "BritBase"]
[SourceDate "2008.07.14"]
[SourceVersion "1"]
[SourceVersionDate "2008.07.14"]
[SourceQuality "2"]

1. d4 g6 2. e4 Bg7 3. Nc3 d6 4. Be3 a6 5. Qd2 Nd7 6. h4 h5 7. Nh3 b5 8. a4 b4
9. Nd1 Ngf6 10. f3 c5 11. c3 bxc3 12. bxc3 O-O 13. a5 Rb8 14. Nhf2 cxd4 15.
cxd4 e5 16. d5 Nc5 17. Bxc5 dxc5 18. Rc1 Ne8 19. Rxc5 Bf6 20. Rc6 Bxh4 21. Rb6
Rxb6 22. axb6 Be7 23. Qa5 Qd6 24. Nb2 Qb4+ 25. Qxb4 Bxb4+ 26. Kd1 Bc5 27. Nfd3
Bxb6 28. Nc4 Bc7 29. Ndxe5 Nd6 30. Bd3 Nb5 31. Kd2 Re8 32. Nc6 Bd7 {(=)} 33.
N4a5 Bf4+ 34. Kc2 f5 35. Bxb5 axb5 36. Kd3 fxe4+ 37. fxe4 Bc7 38. Rc1 Kg7 39.
Nb3 Ra8 40. Nc5 Ra3+ 41. Kd4 Bf4 42. Rc2 Bg4 43. Nd8 Kh6 44. d6 b4 45. Nd3 Bh2
46. Nxb4 Ra4 47. Rc4 Bg1+ 48. Kc3 Ra3+ 49. Kb2 Rg3 50. Nf7+ Kg7 51. Ne5 Rxg2+
52. Nc2 Kf6 53. d7 Ke7 54. Nxg6+ {(=)} Kxd7 55. Ne5+ Kd6 56. Nxg4 hxg4 57. Kc1
Ke5 58. Kd1 Rh2 59. Ne1 Bd4 60. Rc8 Kxe4 61. Rg8 Kf4 62. Rf8+ Kg3 63. Nc2 Bf2
64. Rf7 Rh6 65. Nb4 Rd6+ 66. Kc2 Bd4 67. Nd3 Bf6 68. Rf8 Re6 69. Kd2 Kh2 70.
Rg8 g3 71. Nf4 Re5 72. Kd3 Ra5 73. Ke4 Be5 74. Rg5 Ra4+ 1/2-1/2

[Event "Monarch Assurance Isle of Man 10th"]
[Site "Port Erin IOM"]
[Date "2001.10.01"]
[Round "3.7"]
[White "Marusenko, Petr"]
[Black "Kiriakov, Petr"]
[Result "0-1"]
[WhiteElo "2362"]
[BlackElo "2548"]
[PlyCount "64"]
[EventDate "2001.09.29"]
[EventType "swiss"]
[EventRounds "9"]
[EventCountry "IOM"]
[SourceTitle "BritBase"]
[SourceDate "2008.07.14"]
[SourceVersion "1"]
[SourceVersionDate "2008.07.14"]
[SourceQuality "2"]

1. e4 e6 2. d3 b5 3. a4 b4 4. Nf3 Bb7 5. Nbd2 c5 6. b3 d6 7. d4 cxd4 8. Nxd4
Nd7 9. Bb2 Ngf6 10. Qe2 Rc8 11. O-O-O Qc7 12. Nc4 a6 13. f3 Be7 14. h4 O-O 15.
h5 Rfe8 16. Qf2 d5 17. exd5 Nxd5 18. Bd3 Nc5 19. Ne2 Bf6 20. Bxf6 Nxf6 21. h6
Nxd3+ 22. Rxd3 Bd5 23. Rd4 e5 24. Qg3 g6 25. Qg5 Re6 26. Rdh4 Qe7 27. Rd1 Rec6
28. Ng3 Qe6 29. f4 Bxc4 30. f5 Bd3 31. c4 Bxf5 32. Rf1 Bd3 0-1

[Event "Monarch Assurance Isle of Man 10th"]
[Site "Port Erin IOM"]
[Date "2001.10.01"]
[Round "3.8"]
[White "Stocek, Jiri"]
[Black "Afek, Yochanan"]
[Result "1-0"]
[WhiteElo "2530"]
[BlackElo "2381"]
[PlyCount "81"]
[EventDate "2001.09.29"]
[EventType "swiss"]
[EventRounds "9"]
[EventCountry "IOM"]
[SourceTitle "BritBase"]
[SourceDate "2008.07.14"]
[SourceVersion "1"]
[SourceVersionDate "2008.07.14"]
[SourceQuality "2"]

1. Nf3 g6 2. e4 c5 3. c3 Bg7 4. d4 cxd4 5. cxd4 d5 6. e5 Bg4 7. Bb5+ Nc6 8.
Nbd2 Qb6 9. Bxc6+ Qxc6 10. O-O e6 11. b3 Ne7 12. Ba3 Qa6 13. Qc1 Rc8 14. Qb2
Nc6 15. Bd6 Bf8 16. Rac1 Bxd6 17. exd6 f6 18. b4 Kf7 19. Rc5 Qb6 20. Qc3 Bxf3
21. Nxf3 a6 22. Qe3 Qd8 23. Qf4 Kg7 24. b5 axb5 25. Rxb5 Qd7 26. Rfb1 Nd8 27.
h4 h6 28. Ne1 Rc3 29. R5b3 Rxb3 30. Rxb3 Nf7 31. Nd3 Nxd6 32. Nc5 Qe7 33. Re3
Ne4 34. Nxe4 dxe4 35. Qxe4 Kf7 36. h5 gxh5 37. Rb3 f5 38. Qf3 Kg6 39. Rxb7 Qd6
40. Qc3 Qd5 41. Qg3+ 1-0

[Event "Monarch Assurance Isle of Man 10th"]
[Site "Port Erin IOM"]
[Date "2001.10.01"]
[Round "3.9"]
[White "McNab, Colin"]
[Black "Lalic, Bogdan"]
[Result "1/2-1/2"]
[WhiteElo "2437"]
[BlackElo "2528"]
[PlyCount "26"]
[EventDate "2001.09.29"]
[EventType "swiss"]
[EventRounds "9"]
[EventCountry "IOM"]
[SourceTitle "BritBase"]
[SourceDate "2008.07.14"]
[SourceVersion "1"]
[SourceVersionDate "2008.07.14"]
[SourceQuality "2"]

1. Nf3 c5 2. g3 Nc6 3. c4 g6 4. Nc3 Bg7 5. Bg2 Nf6 6. d3 O-O 7. O-O d5 8. cxd5
Nxd5 9. Bd2 Nc7 10. Qc1 b6 11. Bh6 Rb8 12. Bxg7 Kxg7 13. Rd1 Bb7 1/2-1/2

[Event "Monarch Assurance Isle of Man 10th"]
[Site "Port Erin IOM"]
[Date "2001.10.01"]
[Round "3.10"]
[White "Ulibin, Mikhail"]
[Black "Hanley, Craig A"]
[Result "1-0"]
[WhiteElo "2583"]
[BlackElo "2278"]
[PlyCount "35"]
[EventDate "2001.09.29"]
[EventType "swiss"]
[EventRounds "9"]
[EventCountry "IOM"]
[SourceTitle "BritBase"]
[SourceDate "2008.07.14"]
[SourceVersion "1"]
[SourceVersionDate "2008.07.14"]
[SourceQuality "2"]

1. e4 e6 2. d4 d5 3. e5 c5 4. c3 Nc6 5. Nf3 Bd7 6. Be2 Nge7 7. O-O cxd4 8. cxd4
Nf5 9. Nc3 Be7 10. g4 Nh4 11. Nxh4 Bxh4 12. f4 f6 13. g5 Qb6 14. Be3 fxe5 15.
Na4 Qa5 16. fxe5 Nxd4 17. Qxd4 Qxa4 18. b4 1-0

[Event "Monarch Assurance Isle of Man 10th"]
[Site "Port Erin IOM"]
[Date "2001.10.01"]
[Round "3.11"]
[White "Collins, Sam IRL"]
[Black "Gallagher, Joseph"]
[Result "0-1"]
[WhiteElo "2194"]
[BlackElo "2516"]
[PlyCount "50"]
[EventDate "2001.09.29"]
[EventType "swiss"]
[EventRounds "9"]
[EventCountry "IOM"]
[SourceTitle "BritBase"]
[SourceDate "2008.07.14"]
[SourceVersion "1"]
[SourceVersionDate "2008.07.14"]
[SourceQuality "2"]

1. e4 c5 2. Nf3 d6 3. d4 cxd4 4. Nxd4 Nf6 5. Nc3 a6 6. f4 g6 7. Bd3 Bg7 8. a4
Nbd7 9. Nf3 O-O 10. O-O e6 11. Qe1 Qc7 12. f5 b6 13. Qh4 Bb7 14. Bh6 Rae8 15.
Ng5 Qc5+ 16. Kh1 Qb4 17. Nd1 exf5 18. Ne3 fxe4 19. Bxg7 Kxg7 20. Rxf6 Nxf6 21.
Rf1 h6 22. Rxf6 hxg5 23. Qxg5 Re5 24. Qf4 Qxb2 25. Bf1 Re6 0-1

[Event "Monarch Assurance Isle of Man 10th"]
[Site "Port Erin IOM"]
[Date "2001.10.01"]
[Round "3.13"]
[White "Coathup, Roger"]
[Black "Cherniaev, Alexander"]
[Result "0-1"]
[WhiteElo "2130"]
[BlackElo "2437"]
[PlyCount "60"]
[EventDate "2001.09.29"]
[EventType "swiss"]
[EventRounds "9"]
[EventCountry "IOM"]
[SourceTitle "BritBase"]
[SourceDate "2008.07.14"]
[SourceVersion "1"]
[SourceVersionDate "2008.07.14"]
[SourceQuality "2"]

1. d4 Nf6 2. c4 c5 3. d5 b5 4. cxb5 a6 5. bxa6 g6 6. Nc3 Bxa6 7. f4 d6 8. Nf3
Bg7 9. e4 Bxf1 10. Rxf1 O-O 11. Kf2 Qb6 12. Kg1 Na6 13. e5 Nd7 14. e6 fxe6 15.
Ng5 Nc7 16. Qe2 Qa6 17. Qxa6 Rxa6 18. Nxe6 Nxe6 19. dxe6 Nb6 20. f5 gxf5 21.
Bg5 Ra7 22. Rad1 h6 23. Bh4 Bxc3 24. bxc3 Nc4 25. Rf3 Ne5 26. Rg3+ Kh7 27. Rh3
Kg7 28. Rd2 Ng6 29. g3 Ra4 30. Kf2 Rfa8 0-1

[Event "Monarch Assurance Isle of Man 10th"]
[Site "Port Erin IOM"]
[Date "2001.10.01"]
[Round "3.14"]
[White "Clark, Stephen P"]
[Black "Kirsanov, Oleg"]
[Result "0-1"]
[WhiteElo "2112"]
[BlackElo "2365"]
[PlyCount "64"]
[EventDate "2001.09.29"]
[EventType "swiss"]
[EventRounds "9"]
[EventCountry "IOM"]
[SourceTitle "BritBase"]
[SourceDate "2008.07.14"]
[SourceVersion "1"]
[SourceVersionDate "2008.07.14"]
[SourceQuality "2"]

1. d4 d5 2. Bf4 Nf6 3. e3 c6 4. c4 e6 5. Nc3 Nbd7 6. Nf3 Be7 7. h3 Qa5 8. Qb3
Ne4 9. Bd3 dxc4 10. Bxc4 Nb6 11. O-O Nxc3 12. bxc3 Nxc4 13. Qxc4 O-O 14. Rfd1
Qd5 15. Qb3 Qh5 16. c4 b6 17. d5 Bf6 18. Rac1 e5 19. Bg3 Bxh3 20. e4 Bd7 21. c5
bxc5 22. Qb7 Bg4 23. Qxc6 Rfc8 24. Qb7 Bxf3 25. gxf3 Qxf3 26. d6 h5 27. d7 Rd8
28. Qd5 Qg4 29. Kh2 Rab8 30. Bxe5 Rxd7 31. Qxc5 Rxd1 32. Rxd1 Rc8 0-1

[Event "Monarch Assurance Isle of Man 10th"]
[Site "Port Erin IOM"]
[Date "2001.10.01"]
[Round "3.15"]
[White "Bolt, Graham"]
[Black "Sowray, Peter J"]
[Result "0-1"]
[WhiteElo "2124"]
[BlackElo "2334"]
[PlyCount "80"]
[EventDate "2001.09.29"]
[EventType "swiss"]
[EventRounds "9"]
[EventCountry "IOM"]
[SourceTitle "BritBase"]
[SourceDate "2008.07.14"]
[SourceVersion "1"]
[SourceVersionDate "2008.07.14"]
[SourceQuality "2"]

1. e4 c5 2. Nf3 d6 3. d4 cxd4 4. Nxd4 Nf6 5. Nc3 a6 6. f4 Qc7 7. Bd3 g6 8. Nf3
Nbd7 9. O-O Bg7 10. Kh1 b5 11. Qe2 Bb7 12. e5 dxe5 13. fxe5 Ng4 14. Bf4 Ngxe5
15. Rae1 f6 16. Nxe5 Nxe5 17. Ne4 O-O 18. Nd2 Rad8 19. Nb3 Bd5 20. c3 Qb7 21.
Bxe5 fxe5 22. Rxf8+ Rxf8 23. Nc5 Qc6 24. b4 e6 25. a3 Rf4 26. Qc2 Bf8 27. Ne4
Be7 28. g3 Rf8 29. Kg2 Rc8 30. h4 Qxc3 31. Rc1 Qxc2+ 32. Rxc2 Rxc2+ 33. Bxc2 a5
34. bxa5 Bxa3 35. Kh3 Kg7 36. a6 Bb2 37. Nc5 Bd4 38. Nb7 b4 39. Na5 Bb6 40. Nb7
b3 0-1

[Event "Monarch Assurance Isle of Man 10th"]
[Site "Port Erin IOM"]
[Date "2001.10.01"]
[Round "3.16"]
[White "Ryan, Joseph"]
[Black "May, Frank"]
[Result "1-0"]
[WhiteElo "2305"]
[BlackElo "2125"]
[PlyCount "95"]
[EventDate "2001.09.29"]
[EventType "swiss"]
[EventRounds "9"]
[EventCountry "IOM"]
[SourceTitle "BritBase"]
[SourceDate "2008.07.14"]
[SourceVersion "1"]
[SourceVersionDate "2008.07.14"]
[SourceQuality "2"]

1. d4 d5 2. Nf3 e6 3. e3 Nf6 4. Bd3 Be7 5. O-O O-O 6. b3 b6 7. Bb2 Bb7 8. c4
dxc4 9. bxc4 c5 10. Nc3 cxd4 11. exd4 Nc6 12. Qe2 Nxd4 13. Nxd4 Qxd4 14. Nd5
Qc5 15. Bxf6 gxf6 16. Qg4+ Kh8 17. Qh4 f5 18. Nxe7 Qe5 19. Rfe1 Qg7 20. Bf1
Rae8 21. Rad1 f6 22. Nd5 exd5 23. Rxe8 Rxe8 24. cxd5 Rd8 25. d6 Qg5 26. Qd4 f4
27. Kh1 Qe5 {(=)} 28. f3 Kg7 29. Bc4 Qxd4 30. Rxd4 f5 31. h4 Kf6 32. d7 Ke5 33.
Rd2 Bc6 34. Re2+ Kd6 35. Re6+ Kc5 36. Bd3 Rxd7 37. Bxf5 Rd1+ 38. Kh2 Rd2 39.
Kh3 Rxa2 40. Rh6 a5 41. Rxh7 a4 42. h5 a3 43. h6 Ra1 44. Ra7 Rh1+ 45. Kg4 Kb4
46. h7 Bd5 47. Kxf4 Rh5 48. g4 1-0

[Event "Monarch Assurance Isle of Man 10th"]
[Site "Port Erin IOM"]
[Date "2001.10.01"]
[Round "3.17"]
[White "Willmoth, Robert"]
[Black "Lutton, J Ezra"]
[Result "1-0"]
[WhiteElo "2239"]
[BlackElo "2093"]
[PlyCount "81"]
[EventDate "2001.09.29"]
[EventType "swiss"]
[EventRounds "9"]
[EventCountry "IOM"]
[SourceTitle "BritBase"]
[SourceDate "2008.07.14"]
[SourceVersion "1"]
[SourceVersionDate "2008.07.14"]
[SourceQuality "2"]

1. e4 e6 2. d3 d5 3. Nd2 Nf6 4. Ngf3 c5 5. g3 Nc6 6. Bg2 Be7 7. O-O b5 8. Re1
a5 9. e5 Nd7 10. Nf1 Ba6 11. h4 h6 12. h5 Rc8 13. N1h2 b4 14. Ng4 c4 15. d4 c3
16. b3 a4 17. Nfh2 Qa5 18. Be3 Kd8 19. f4 Kc7 20. Qf3 g6 21. Nf2 Rcg8 22. hxg6
fxg6 23. Bh3 Nd8 24. g4 h5 {(=)} 25. gxh5 Rxh5 26. Bg4 Rh7 27. Qg2 Rf7 28. Nf3
Nf8 29. Ng5 Bxg5 30. fxg5 Nc6 31. a3 axb3 32. axb4 Qb6 33. cxb3 Nxb4 34. Rec1
Kb7 35. Rxc3 Nc2 36. Rxc2 Qxb3 37. Nd1 Rf1+ 38. Qxf1 Bxf1 39. Rb2 Qxb2 40. Nxb2
Bb5 41. Na4 1-0